| 000 | 01018cam a22002531i 4500 | ||
|---|---|---|---|
| 003 | SA-RiAUC | ||
| 005 | 20250720044947.0 | ||
| 008 | 250719s1985 su g 000r0 ara c | ||
| 040 |
_aSA-JeALM _bara _cSA-RiAUC _erda |
||
| 082 | 0 | 4 |
_a216 _qSA-RiAUC |
| 090 |
_a216 _bج م ا |
||
| 100 | 1 |
_aجمال، أحمد محمد صالح، _d1343-1413 هجري _eمؤلف. |
|
| 245 | 1 | 0 |
_aمفتريات على الإسلام / _cأحمد محمد جمال. |
| 250 | _aالطبعة الرابعة. | ||
| 264 | 1 |
_aمكة المكرمة : _bرابطة العالم الإسلامي : _bأحمد محمد جمال، _c1985. |
|
| 300 |
_a243 صفحة ؛ _c24 سم |
||
| 336 |
_aنص _btxt _2rdacontent _3كتاب |
||
| 337 |
_aبدون وسيط _bn _2rdamedia |
||
| 338 |
_aمجلد _bnc _2rdacarrier |
||
| 500 | _aإهداء من المؤلف أحمد محمد جمال بتاريخ 1409/5/15 هـ | ||
| 650 | 7 |
_aالإسلام _xدفع مطاعن _2aucsh |
|
| 942 |
_2ddc _cBOOK _n0 |
||
| 949 |
_aSA-JeALM _d250719 _umohamedma123 _n1 |
||
| 999 |
_c10096 _d10096 |
||